000
00271nam a22000977a 4500
999
_c
516704
_d
516704
082
_a
TNC C4x54 Sa79
100
_a
Sastry,Kambhampati S
_9
23271
245
_a
Constitution for 21st century India
_c
By Kambhampati S. Sastry
260
_a
Hyderabad
_b
ICFAI
_c
2004
300
_a
166p.